00898nabaa22001697a 4500003000400000005001700004008004100021040000700062100003100069245019700100300001500297500003700312505015100349505008900500650002700589773011200616OSt20260123233428.0190701b xxu||||| |||| 00| 0 spa d cPJ aGarcía, Gerardo Gabriel 10aLa Constitución como norma fundante del derecho administrativo : binterpretación de normas administrativas y aplicación de estándares de derechos humanos /cGerardo Gabriel García.  ap. 171-184 aCita: TR LALEY AR/DOC/1102/2024  aSumario: I. Introducción.— II. Los casos.— III. Encuadre normativo.— IV. Estándares aplicados.— V. Valoración.— VI. Conclusiones.  t¿Te interesa el texto completo? Comunicate al correo: koha@justierradelfuego.gov.ar 0aDERECHO ADMINISTRATIVO0 02842dBuenos Aires : AbeledoPerrot, 2012-oDA121tDerecho administrativo. Nº 153 mayo/junio 2024z18510590